01341nam a2200265 a 450000100100000000500170001000800410002702000150006804000250008310000490010824500840015725000110024126000720025230000200032449000410034470000400038583000480042504900090047395201200048295201200060295201200072295201050084295201110094799900170105800004416420240705073647.0110613s2006 dr 000 0 spa d a9945405659 aDO-SdBNPbspacBNPHU1 aHostos, Eugenio María de,d1839-19039135210aEl barco de papel /cEugenio María de Hostos ; editor Tomás Castro Burdiez. a3a ed. aSanto Domingo :bFundación para la Educación y el Arte.,c2006. a16 p. ;c22 cm.1 aCadernos educativos y culturalesv17 aCastro, Tomás,d1959-eed.924641 0aCadernos educativos y culturalesv17957551 aBNPD 001054708DSaGRbGRcHDd2018-03-23iLF1l0o p44164-30r2020-06-25te. 3w2020-06-25yLFDSZPréstamo en sala 001054708DSaGRbGRcHDd2018-03-23iLF1l0o p44164-40r2020-06-25te. 4w2020-06-25yLFDSZPréstamo en sala 001054708DSaGRbGRcHDd2018-03-23iLF1l0o p44164-50r2020-06-25te. 5w2020-06-25yLFDSZPréstamo en sala 0010718PDaPDbPDcHDd2014-06-03iLF1l0o p44164-10r2020-06-25w2020-06-25yLFPDZNo se presta 0010718PDaPDbPDcHDd2014-06-03iLF1l0o p44164-20r2020-06-25te. 2w2020-06-25yLFPDZNo se presta c43653d43653